000 00707nam a22001937a 4500
999 _c18668
_d18668
003 AR-CdUCM
008 190514b ||||| |||| 00| 0 spa d
040 _aMUNICIPALIDAD PROVINCIAL DEL CUSCO
_cBIBLIOTECA MUNICIPAL DEL CUSCO
082 _a985.017 /
_bM66
100 _aMarquez Miranda, Fernando
_932170
245 _aLas ruinas de Tiahuanaco /
260 _aBuenos Aires :
_bHachette,
_c1954.
300 _a203 páginas ;
_c21 cm.
505 _aEl culto del sol y de la luna en el lago titi-caca -- Antiguos vasos peruanos y la edad peruana -- Reminiscencias sobre los monumentos americanos...
650 _aTiti - Caca.
_930086
650 _aTiahuanaco.
_939399
942 _2ddc
_cLIBROS
945 _awfj